| 000 | 00448nam a2200157 i 4500 | ||
|---|---|---|---|
| 001 | 23379 | ||
| 003 | ES-MaACL | ||
| 005 | 20230906152848.0 | ||
| 007 | t| | ||
| 008 | 021210s1952 sp ||||1| spa d | ||
| 100 | 1 |
_aAlvarez de Estrada, Juan. _920757 |
|
| 245 | 1 | 0 |
_aNidal _b: poesías / _cJuan Alvarez de Estrada. |
| 260 |
_aMadrid : _b[s.n.], _c1952 ( _fArt. Gráf. Estades) |
||
| 300 |
_a53 p. ; _c20 cm. |
||
| 852 |
_aES-MaACL _j1946-F-1 _bR.33053 |
||
| 999 |
_c23379 _d23379 |
||